01241nam a2200325 4500001000700000003000900007005001700016008004100033020002200074080002600096080004600122080002000168100002900188245008300217260003200300300007100332490001300403500001800416500001400434504004100448600005200489600005200541650003900593700003100632830002100663852006100684942002000745999001900765952013100784179036ES-MaACL20250720154503.0110823s2008 sp acef |||| |dspa d a978-84-934215-6-4 a929 Napoleón (44) I a929 Wellington, Arthur Wellesley, Duke of a355.48(4)"1815"1 aRoberts, Andrew.914770910aNapoleón y Wellington / cAndrew Roberts ; traducción de Fernando Miranda. aGranada : bAlmed, c[2008] aXL, 420 p., [24] p. de lám. col. y n. : bmapa, plano ; c20 cm.1 aHistoria aCronología. aÍndice. aBibliografía: p. 397-409, 411-412.07aNapoleón bI c, Emperador de Francia.98491017aWellington, Arthur Wellesley cDuke of.9116448 aBatalla de Waterloo, 1815.91762111 aMiranda, Fernando 91474640 aHistoria9177536 aES-MaACLjA-114309185905bR.145894cDEPO1dOlim: N-4434 2udccMONOGRAFIA c179036d179036 00102udc4070aATENEOMbATENEOMcDEPO1d2011-08-23eCOMPRAl0oA-11430p1188066r2023-02-23 00:00:00w2023-02-23yMONOGRAFIA